| 000 | 01804nam a2200325Ia 4500 | ||
|---|---|---|---|
| 999 |
_c36453 _d36453 |
||
| 001 | 2368 | ||
| 003 | GE_BSU | ||
| 005 | 20190603163852.0 | ||
| 008 | 181216s2009||||ge |||||||||||||| ||geo|| | ||
| 020 | _a9789941124839 | ||
| 040 | _cGE_BSU | ||
| 041 | _ageo | ||
| 080 | _a327(075.8) მ–27 | ||
| 100 |
_aმანველიძე, ირაკლი _92014 |
||
| 245 | _aსაერთაშორისო მოლაპარაკებები. | ||
| 245 | _cრედ.რეზო მანველიძე | ||
| 250 | _aშოთა რუსთაველის სახ. უნ–ტი სოციალურ მეცნ; ბიზნესისა და სამართალმცოდნეობის ფაკ–ტი სოციალურ მეცნიერებათა დეპარტამენტი. | ||
| 260 | _aთბილისი | ||
| 260 | _bუნივერსალი | ||
| 260 | _c2009 | ||
| 300 |
_a203 გვ.; _b20 სმ. |
||
| 504 | _aბიბლ.: გვ.199-200 | ||
| 653 | _aპოლიტიკა | ||
| 653 | _aსაერთაშორისო ურთიერთობები | ||
| 653 | _aსამართლებრივი დოკუმენტები | ||
| 700 |
_aზოიძე, ინეზა _eავტორი _92015 |
||
| 710 |
_aმანველიძე, რეზო _eრედაქტორი _92016 |
||
| 710 |
_aშოთა რუსთაველის სახ. უნ–ტი _bსოციალურ მეცნ; ბიზნესისა და სამართალმცოდნეობის ფაკ–ტი სოციალურ მეცნიერებათა დეპარტამენტი. _92017 |
||
| 942 |
_cBK _2udc |
||